000 01150nam a22003497a 4500
003 OSt
005 20220117024122.0
008 160224b xxu||||| |||| 00| 0 eng d
010 _a 82016109
020 _a0471096601 (pbk.) :
_c$15.95
020 _a047109661X (hard) :
_c$28.50 (est.)
040 _aMMU
_cMMU
_dMMU
_beng
050 0 0 _aRT637 .S496 2008
060 _aQV 55 L824n
082 0 0 _a615.5/8
_219
100 1 _aSpratto, George R.
245 1 4 _a Nurse's drug handbook:
_cGeorge Spratto,
_bthe information standard for prescription drugs and nursing considerations/
260 _aNew York :
_bWiley,
_cc2008.
300 _axxvii, 2020 p. :
_c24 cm.
440 2 _aA Wiley medical publication
500 _aIncludes index.
504 _aBibliography: p. 1059-1062.
650 0 _aChemotherapy
_xHandbooks, manuals, etc.
650 0 _aDrugs
_xHandbooks, manuals, etc.
650 0 _aNursing
_xHandbooks, manuals, etc.
650 2 _aDrug therapy
_xNursing texts.
650 2 _aDrugs
_xNursing texts.
700 1 _aAdrienne, L. Wood
700 1 _a.
906 _a7
_bcbc
_corignew
_d1
_eocip
_f19
_gy-gencatlg
942 _2lcc
_cLOAN LOAN
999 _c16533
_d16533